000 01023nas a2200349 4500
001 BR0706055
003 BR-BrBNA
005 20231205111223.0
007 ta
008 230509b bl.|||p| |||| 00| 00por d
040 _aBR-BrBNA
_bpor
_cBiblioteca Nacional de Agricultura
041 _a(Pt)
072 _aL70
100 1 _aBorges, A.S.
100 1 _aCiarini, P.C.
100 1 _aMendes, L.C.N.
100 1 _aAlves, A.L.G.
100 1 _aSilva, H.F.
100 1 _aPestana, F.L.
100 1 _aNascimento, F. do
245 1 _aValores séricos de cálcio, fósforo, proteína total, albumina, globulina e creatinina em novilhas nelores, antes e durante a gestação
650 _aNOVILHO
650 _aCÁLCIO
650 _aFÓSFORO
650 _aPROTEÍNA
650 _aALBUMINA
650 _aGLOBULINA
650 _aCREATINA
773 0 _tVeterinária Notícias (Brazil)
_xISSN 0104-3463
_g(2003), v. 9(1) p. 141-146
_wBR0706055
909 _a202311
_bLúcia
_c55
_dLúcia Elande
942 _2AGRIS
_n0
_cANA
999 _c191434
_d191434